| 000 | 00581nam a22001813a 4500 | ||
|---|---|---|---|
| 005 | 20240920063722.0 | ||
| 008 | 010925s2004 mx r 000 0 spa d | ||
| 020 | _a9264018107 | ||
| 035 | _aUPN01000112048 | ||
| 049 | _aCG | ||
| 050 | 4 |
_aLC5225 F5.6 _bC6.4 |
|
| 245 | 0 | 0 |
_aCo-financing lifelong learning : _btowards a systemic approach. |
| 260 |
_aParis : _bOrganisation for Economic Co-operation and Development, _cc2004. |
||
| 300 | _a143 p. | ||
| 610 | 2 | 4 | _aORGANIZACION PARA LA COOPERACION Y EL DESARROLLO ECONOMICOS |
| 650 | 4 |
_aEducación permanente _97280 |
|
| 905 | _aLibro | ||
| 999 |
_c85956 _d85956 |
||